Does the industry still need women in property? (Record no. 78896)

MARC details
000 -LEADER
fixed length control field 00762cab a22002175a 4500
001 - CONTROL NUMBER
control field L138515
008 - FIXED-LENGTH DATA ELEMENTS--GENERAL INFORMATION
fixed length control field 070618e20070608xxk f 000 0 eng d
035 ## - SYSTEM CONTROL NUMBER
System control number (Sirsi) u138515
041 0# - LANGUAGE CODE
Language code of text/sound track or separate title eng
100 1# - MAIN ENTRY--PERSONAL NAME
Personal name Bailey, Katherine
245 00 - TITLE STATEMENT
Title Does the industry still need women in property?
260 ## - PUBLICATION, DISTRIBUTION, ETC.
Date of publication, distribution, etc. 2007
490 ## - SERIES STATEMENT
Series statement Building
Volume/sequential designation 272(8483) 8 June 2007, 54-55(2)
520 ## - SUMMARY, ETC.
Summary, etc. Argues for and against the winding up of the networking group The National Association of Women in Property also known as Women in Property
590 ## - LOCAL NOTE (RLIN)
Local note KA
610 24 - SUBJECT ADDED ENTRY--CORPORATE NAME
Corporate name or jurisdiction name as entry element National Association of Women in Property
9 (RLIN) 5224
651 #4 - SUBJECT ADDED ENTRY--GEOGRAPHIC NAME
Geographic name Great Britain
Chronological subdivision 1707-
690 ## - LOCAL SUBJECT ADDED ENTRY--TOPICAL TERM (OCLC, RLIN)
Topical term or geographic name as entry element CAREERS, EDUCATION AND TRAINING-RICS RAISING THE RATIO CAMPAIGN
700 1# - ADDED ENTRY--PERSONAL NAME
Personal name Stewart, Cathy
942 ## - ADDED ENTRY ELEMENTS (KOHA)
Suppress in OPAC 0

No items available.